Statistiques concernant Intercommunalités du Tarn-et-Garonne

Cliquez ici pour prendre le quiz!

Statistiques générales

  • Ce quiz a été pris 11 fois
  • Le résultat moyen est 4 sur 10

Statistiques - réponses

Nombres de CommunesIntercommunalités% Correct
11Grand Montauban
100%
22Communauté de communes Terres des Confluences
73%
19Communauté de communes du Quercy Caussadais
55%
28 (dont 01 dans le Gers et 02 dans le Lot-et-Garonne)Communauté de communes des Deux Rives
36%
11Communauté de communes Coteaux et Plaines du Pays Lafrançaisain
27%
17 (dont 01 dans le Tarn)Communauté de communes du Quercy Rouergue et des Gorges de l'Aveyron
27%
31Communauté de communes de la Lomagne Tarn-et-Garonnaise
18%
22Communauté de communes du Pays de Serres en Quercy
18%
13Communauté de communes Quercy Vert-Aveyron
18%
25Communauté de communes Grand Sud Tarn-et-Garonne
9%

Distribution des résultats

Percentile par nombre de réponses

% des personnes avec chaque résultat

Votre développement - résultats

Vous n’avez pas pris ce quiz